000 00569cam a22002053a 4500
001 35090
003 PGUSA
005 20140828083745.0
008 110127s2011||||xxu|||||s|||||000 | eng d
040 _aPGUSA
_beng
042 _adc
100 1 _aCory, David,
_d1872-1966
245 1 0 _aBilly Bunny and Daddy Fox
_h[electronic resource] /
_cDavid Cory
260 _bProject Gutenberg,
_c2011
506 _aPublic domain in the USA.
516 _aElectronic text
830 0 _aProject Gutenberg
_v35090
856 4 0 _uhttp://www.gutenberg.org/ebooks/35090
942 _cEB
999 _c264345
_d264345